| 000 | 00549nam a2200181Ia 4500 | ||
|---|---|---|---|
| 003 | GCL | ||
| 008 | 140319s9999 xx 000 0 ara d | ||
| 040 |
_aGCL / _cGCL |
||
| 082 | 0 | 4 |
_aق _b320.962 _bط م |
| 100 | 1 | _aطارق حجى | |
| 245 | 1 | 0 |
_aمصر بين زلزالين : فصول سياسية / _cطارق حجى |
| 300 | _a135 ص | ||
| 490 | _a | ||
| 650 | 0 | 4 | _aالاحوال السياسية |
| 650 | 0 | 4 | _aالاحوال الاقتصادية |
| 650 | 0 | 4 | _aمصر - تاريخ - العصر الحديث (1805 - 1956 ) |
| 942 |
_2ddc _cBK |
||
| 999 |
_c46197 _d46197 |
||